000 00868cab a22001935a 4500
001 L157030
008 120815e20120811xxk 000 0 eng d
035 _a(Sirsi) u157030
041 0 _aeng
100 1 _aFoo, Alicia
245 0 0 _aRinging the changes
490 _aEstates Gazette
_v(1232) 11 August 2011, 36-39(4)
520 _aWeighs up the balance between network operators and landowners in the development of a high speed network infrastructure for the UK. Describes the Law Commission's recent consultation paper on the Electronic Communications Code which has arisen as a result of criticism of the code. The code allows communications network providers to construct infrastructure on certain areas of public and private land.
590 _aKA
651 4 _aUnited Kingdom
690 _aInfrastructure
_96246
690 _aUtilities
_96272
942 _n0
999 _c84240
_d84240